00322nam a22000857a 4500082002100000245011300021260003700134300005700171563000800228 a344.0095491bPLC aPakistan Labour Cases 2020 :bPLC /cFounded by Malik Mir Muhammad and Edited by Muhammad Wahaj Azhar et all aLahore :bPLD Publishers,c2020. aVol: 1. 572, Vol: 2. 758 and Vol: 3. 626 p. ;c23cm. aHB.